| 000 -CABECERA |
| Longitud fija campo de control |
01094nam a22002417a 4500 |
| 003 - IDENTIFICADOR DEL NÚMERO DE CONTROL |
| Identificador del número de control |
OSt |
| 005 - FECHA Y HORA DE LA ÚLTIMA TRANSACCIÓN |
| Fecha y hora de la última transacción |
20240702123338.0 |
| 008 - CÓDIGOS DE INFORMACIÓN DE LONGITUD FIJA |
| Códigos de información de longitud fija |
160428s2012 sp ||||| |||| 00| 0 cat d |
| 040 ## - FUENTE DE LA CATALOGACIÓN |
| Lengua de catalogación |
cat |
| Centro transcriptor |
CDMR |
| 110 2# - PUNTO DE ACCESO PRINCIPAL-NOMBRE DE ENTIDAD CORPORATIVA |
| 9 (RLIN) |
133 |
| Nombre de entidad corporativa o nombre de jurisdicción como elemento inicial |
Col·legi de Periodistes de Catalunya |
| 245 10 - MENCIÓN DE TÍTULO |
| Título |
Memòria d'actuació |
| Mención de responsabilidad, etc. |
/ Col·legi de Periodistes de Catalunya |
| 260 ## - PUBLICACIÓN, DISTRIBUCIÓN, ETC. (PIE DE IMPRENTA) |
| Lugar de publicación, distribución, etc. |
Barcelona : |
| Nombre del editor, distribuidor, etc. |
Col·legi de Periodistes de Catalunya |
| Fecha de publicación, distribución, etc. |
2010- |
| 300 ## - DESCRIPCIÓN FÍSICA |
| Extensión |
v. |
| Dimensiones |
29 cm |
| 310 ## - PERIODICIDAD ACTUAL |
| Periodicidad actual |
Anual |
| 362 ## - FECHAS DE PUBLICACIÓN Y/O DESIGNACIÓN SECUENCIAL |
| Fecha de publicación y/o designación secuencial |
2010- |
| 500 ## - NOTA GENERAL |
| Nota general |
Descripció del recurs: el 27 d'abril de 2016 |
| 500 ## - NOTA GENERAL |
| Nota general |
Descripció feta a partir de: any 2012 |
| 610 24 - PUNTO DE ACCESO ADICIONAL DE MATERIA - NOMBRE DE ENTIDAD CORPORATIVA |
| 9 (RLIN) |
133 |
| Nombre de entidad corporativa o nombre de jurisdicción como elemento inicial |
Col·legi de Periodistes de Catalunya |
| 650 04 - PUNTO DE ACCESO ADICIONAL DE MATERIA - TÉRMINO DE MATERIA |
| 9 (RLIN) |
3172 |
| Término de materia o nombre geográfico como elemento inicial |
Periodisme |
| Subdivisión geográfica |
Catalunya |
| 650 00 - PUNTO DE ACCESO ADICIONAL DE MATERIA - TÉRMINO DE MATERIA |
| 9 (RLIN) |
216 |
| Término de materia o nombre geográfico como elemento inicial |
Associacions de professionals i tècnics |
| Subdivisión geográfica |
Catalunya |
| 856 40 - LOCALIZACIÓN Y ACCESO ELECTRÓNICO |
| Identificador Uniforme del Recurso (URI) |
<a href="https://omeka.periodistes.cat/items/browse?search=&advanced%5B0%5D%5Belement_id%5D=&advanced%5B0%5D%5Btype%5D=&advanced%5B0%5D%5Bterms%5D=&range=&collection=&type=&user=&tags=memoria+anual&public=&featured=&exhibit=&submit_search=Cerca+%C3%ADtems&sort_field=Dublin+Core%2CCreator">https://omeka.periodistes.cat/items/browse?search=&advanced%5B0%5D%5Belement_id%5D=&advanced%5B0%5D%5Btype%5D=&advanced%5B0%5D%5Bterms%5D=&range=&collection=&type=&user=&tags=memoria+anual&public=&featured=&exhibit=&submit_search=Cerca+%C3%ADtems&sort_field=Dublin+Core%2CCreator</a> |
| Texto del enlace |
Disponible en línia |
| 942 ## - ENTRADA DE ELEMENTOS AGREGADOS (KOHA) |
| Koha [por defecto] tipo de item |
Publicacions periòdiques |
| Fuente de clasificaión o esquema |
|